|
|
|
|
| LEADER |
02591njm a2200637 i 4500 |
| 001 |
001887976 |
| 003 |
CZ BrMZK |
| 005 |
20240430143640.0 |
| 007 |
sd fungnnmmned |
| 008 |
240301t20092009xr munng efh n zxx |
| 024 |
3 |
|
|a 8586002482713
|
| 028 |
0 |
1 |
|a PA 0071-2/9
|b Pavlík Records
|
| 040 |
|
|
|a BOA001
|b cze
|e rda
|
| 041 |
0 |
|
|g eng
|g slo
|
| 043 |
|
|
|a e-xo---
|
| 045 |
|
|
|a x9y0
|
| 047 |
|
|
|a sn
|a zz
|
| 048 |
|
|
|a ka01
|
| 072 |
|
7 |
|a 786
|x Hudba pro klávesové nástroje
|2 Konspekt
|9 9
|
| 080 |
|
|
|a 780.8:780.616.433
|2 MRF
|
| 080 |
|
|
|a 78.082.2
|2 MRF
|
| 080 |
|
|
|a (086.76)
|2 MRF
|
| 245 |
0 |
0 |
|a Slovak piano sonatas
|
| 264 |
|
1 |
|a Tvrdošín :
|b Pavlík records,
|c [2009]
|
| 264 |
|
4 |
|c ℗2009
|
| 300 |
|
|
|a 1 CD audio ;
|c 12 cm
|
| 336 |
|
|
|a hraná hudba
|b prm
|2 rdacontent
|
| 337 |
|
|
|a audio
|b s
|2 rdamedia
|
| 338 |
|
|
|a audiodisk
|b sd
|2 rdacarrier
|
| 344 |
|
|
|a digital
|b optical
|2 rda
|
| 347 |
|
|
|a audio soubor
|b CD audio
|2 rda
|
| 382 |
0 |
1 |
|a klavír
|n 1
|s 1
|
| 490 |
1 |
|
|a Slovak Works
|
| 500 |
|
|
|a Název z disku
|
| 500 |
|
|
|a Technika záznamu DDD
|
| 500 |
|
|
|a Informace o skladatelích, hudbě a interpretovi slovensky a anglicky (19 stran) v pouzdru
|
| 500 |
|
|
|a Na druhé straně disku nahrány stejné skladby ve formátu DVD audio
|
| 505 |
0 |
|
|a Semplice (2000) / Roman Berger -- Piano sonata no. 23 (2004) / Ilja Zelenka -- Exodus, sonata for piano and two tam-tams (for one performer) (1996) / Evgeny Irshai -- Sonata Tensiona (2008) / Ĺubica Čekovská -- Sonata no. 1 (2001) / Vladislav Šarišský
|
| 511 |
0 |
|
|a Ladislav Fanzowitz, klavír
|
| 648 |
|
7 |
|a 20.-21. století
|7 ch462155
|2 czenas
|
| 648 |
|
4 |
|a 1996-2008
|
| 650 |
0 |
7 |
|a hudba pro klavír
|7 ph114721
|z Slovensko
|y 20.-21. století
|2 czenas
|
| 655 |
|
7 |
|a sonáty
|7 fd980062
|2 czenas
|
| 655 |
|
7 |
|a kompaktní disky
|7 fd201991
|2 czenas
|
| 700 |
1 |
|
|a Fančovič, Ladislav,
|d 1980-
|7 pna20211098083
|4 itr
|
| 700 |
1 |
2 |
|i Obsahuje (dílo):
|a Berger, Roman,
|d 1930-
|t Semplice
|7 aun2008436952
|
| 700 |
1 |
2 |
|i Obsahuje (dílo):
|a Zeljenka, Ilja,
|d 1932-2007.
|t Sonáty,
|m klavír,
|n č. 23
|7 aun2008432942
|
| 700 |
1 |
2 |
|i Obsahuje (dílo):
|a Iršai, Jevgenij,
|d 1951-
|t Exodus
|
| 700 |
1 |
2 |
|i Obsahuje (dílo):
|a Čekovská, Ľubica,
|d 1975-
|t Sonata Tensiona
|
| 700 |
1 |
2 |
|i Obsahuje (dílo):
|a Šarišský, Vladislav
|t Sonáty,
|m klavír,
|n č. 1
|
| 787 |
0 |
8 |
|i Příloha časopisu:
|t Hudobný život
|g 2023, č. 11
|
| 830 |
|
0 |
|a Slovak Works
|
| 910 |
|
|
|a BOA001
|b CDR-1522.203
|
| 990 |
|
|
|a AV
|
| 991 |
|
|
|b 202404
|
| 996 |
6 |
|
|b 2610964013
|c CDR-1522.203
|l MZK
|r Sklad / do 24 hodin
|n 0
|p dar
|w 001956579
|u 000010
|a 1
|e BOA001
|j MZK50
|s P
|